| 000 | 00692nam a22002057a 4500 | ||
|---|---|---|---|
| 999 |
_c16857 _d16857 |
||
| 003 | AR-CdUCM | ||
| 008 | 190506b ||||| |||| 00| 0 spa d | ||
| 040 |
_aMUNICIPALIDAD PROVINCIAL DEL CUSCO _cBIBLIOTECA MUNICIPAL DEL CUSCO |
||
| 082 |
_23ed. _a627 / _bA22 |
||
| 100 |
_aAddison, Herbert _936560 |
||
| 245 | _aTratado de hidráulica aplicada / | ||
| 260 |
_aBarcelona : _bEdit. G. Gili, |
||
| 300 |
_a704 paginas ; _c21 cm. |
||
| 505 | _aContenido :Principios fundamentales --Aplicaciones practicas / | ||
| 650 |
_aIngeniería hidráulica _935551 |
||
| 650 |
_aBombas (Máquinas) _936561 |
||
| 650 |
_aMaquinas hidráulicas _936562 |
||
| 942 |
_2ddc _cLIBROS |
||
| 945 |
_arjall _d2019-05-06 |
||